Statistics for Jump Between European Capital Cities: Most Isolated from Previously Listed Ones

Click here to take the quiz!

General Stats

  • This quiz has been taken 49 times
  • The average score is 16 of 45

Answer Stats

CAPITAL CITY % Correct
4,167 ReykjavikReykjavik
100%
2,857 AthensAthens
95%
2,423 ReykjavikLisbon
87%
1,673 HelsinkiHelsinki
85%
990 LuxembourgKiev
69%
1,137 HelsinkiLuxembourg
67%
952 LuxembourgRome
67%
809 RomeAndorra la Vella
54%
865 LuxembourgDublin
54%
280 PragueParis
31%
444 BudapestLondon
31%
484 CopenhagenMadrid
28%
464 RomeOslo
28%
687 RomeMoscow
28%
393 VilniusStockholm
28%
159 VaduzMinsk
26%
279 PodgoricaBerlin
26%
287 LuxembourgSofia
26%
319 LuxembourgChisinau
26%
372 LuxembourgLjubljana
26%
381 BudapestWarsaw
26%
644 BudapestValletta
26%
756 KievCopenhagen
26%
561 RomeVilnius
26%
589 KievBucharest
26%
494 Andorra la VellaPodgorica
26%
463 DublinMonaco
26%
802 LuxembourgBudapest
23%
172 VilniusSarajevo
23%
131 PodgoricaBern
23%
117 LjubljanaTirana
23%
82 HelsinkiZagreb
23%
78 SkopjeTallinn
23%
172 PodgoricaBrussels
23%
227 RomeRiga
23%
Vatican City
23%
296 BucharestAmsterdam
23%
173 AmsterdamSkopje
23%
397 HelsinkiPrague
23%
4 RomeBratislava
23%
357 BucharestVaduz
23%
55 ViennaPristina
21%
214 BudapestSan Marino
21%
261 VilniusBelgrade
21%
174 SofiaVienna
21%

Score Distribution

Percentile by Number Answered

Percent of People with Each Score

Your Score History

You have not taken this quiz